Statistics for Footballs Greatest debates

Click here to take the quiz!

General Stats

  • This quiz has been taken 358 times
  • The average score is 13 of 15

Answer Stats

HintAnswer% Correct
Ronaldinho or MessiMessi
100%
Messi or RonaldoMessi
100%
Pele or MaradonaMaradona
96%
France or SpainFrance
93%
Prem or La ligaPrem
92%
World cup or champions leagueWorld cup
92%
Ligue 1 or Serie ASerie A
88%
Fifa or PesFifa
87%
Womens or MensMens
85%
Madfut or PacwynMadfut
82%
City or unitedCity
80%
Bayern Munich or Borussia DortmundBayern Munich
79%
Russia 2018 or Qatar 2022Russia 2018
77%
Messi wearing No.10 or No.30No.10
71%
Penalty miss or own goalPen miss
32%

Score Distribution

Percentile by Number Answered

Percent of People with Each Score

Your Score History

You have not taken this quiz